|
|
|
|
| LEADER |
00991cam a2200253 a 4500 |
| 001 |
0000069541 |
| 005 |
20060613090000.0 |
| 040 |
|
|
|a mod
|
| 041 |
|
|
|a eng
|
| 020 |
0 |
0 |
|a 967611412X
|
| 090 |
0 |
0 |
|a 371.334
|b ISM
|e 2003
|
| 100 |
0 |
0 |
|a Ismail Zain
|
| 245 |
1 |
0 |
|a Pelajar cemerlang
|b melangkah ke alam siber
|c Ismail Zain
|
| 260 |
0 |
0 |
|a Kuala Lumpur
|b Utusan Publications & Distributors
|c 2003
|
| 300 |
0 |
0 |
|a vii, 136 p.
|b ill.
|c 25 cm
|
| 440 |
0 |
0 |
|a Siri Pengajian dan Pendidikan Utusan
|
| 650 |
0 |
0 |
|a Motivation in learning
|
| 650 |
0 |
0 |
|a Internet in education
|
| 650 |
0 |
0 |
|a Computer-assisted instruction
|
| 999 |
|
|
|a 0220582
|b PULAPOT
|d BOOKS
|e Umum
|f PULAPOT
|j AVAILABLE
|q GOOD CONDITION
|
| 999 |
|
|
|a 0228651
|b MAWILLA I
|d BOOKS
|e Umum
|f MAWILLA 1
|j WEEDED
|q GOOD CONDITION
|
| 999 |
|
|
|a 0228682
|b KD Malaya
|d BOOKS
|e Umum
|f KD MALAYA
|j AVAILABLE
|q GOOD CONDITION
|
| 999 |
|
|
|a 0228683
|b KD Malaya
|d BOOKS
|e Umum
|f KD MALAYA
|j AVAILABLE
|q GOOD CONDITION
|
| 999 |
|
|
|a 0243637
|b PUSASDA
|d BOOKS
|e Umum
|f PUSASDA
|j AVAILABLE
|p 1
|q GOOD CONDITION
|